Countries that Search Belarus the Most - Statistics

General Stats
  • This quiz has been taken 25 times
  • The average score is 8 of 10
Answer Stats
Google Trend Score Answer % Correct
1 Estonia
100%
2 Latvia
100%
2 Lithuania
100%
1 Poland
100%
1 Russia
100%
1 Ukraine
96%
1 Moldova
88%
1 Kazakhstan
75%
1 Kyrgyzstan
58%
1 Kenya
4%
No matching quizzes found
Score Distribution
Percent of People with Each Score
Percentile by Number Answered
Your Score History
You have not taken this quiz